| 000 | 01034cam a22002531 4500 | ||
|---|---|---|---|
| 001 | rc 01002437 | ||
| 003 | DLC | ||
| 005 | 20260227111906.0 | ||
| 007 | cr_||||||||||| | ||
| 008 | 730124s1881 nyua 000 0 eng | ||
| 010 | _arc 01002437 | ||
| 035 | _a(OCoLC)545806 | ||
| 040 |
_aDLC _cOKentU _dOCoLC _dDLC |
||
| 042 | _apremarc | ||
| 050 | 0 | 0 |
_aF215 _b.C87 |
| 100 | 1 |
_aCowan, John F. _q(John Franklin), _d1854-1942. |
|
| 245 | 1 | 2 |
_aA new invasion of the South. _bBeing a narrative of the expedition of the Seventy-first infantry, National guard, through the southern states, to New Orleans. February 24-March 7, 1881. _cBy John F. Cowan. |
| 260 |
_aNew York city, _bBoard of officers, Seventy-first Infantry, _c1881. |
||
| 300 |
_a[5]-103, 24, [3] p. _billus. _c19 cm. |
||
| 530 | _aAlso available in digital form on the Internet Archive Web site. | ||
| 651 | 0 |
_aSouthern States _xDescription and travel. |
|
| 610 | 1 | 0 |
_aNew York infantry. _b71st regt. (Militia) 1852- |
| 856 | 4 | 1 | _uhttp://hdl.loc.gov/loc.gdc/scd0001.00013768122 |
| 999 |
_c52312 _d52312 |
||